[Event "Ambes op 2nd"]
[Site "Ambes"]
[Date "2009.04.11"]
[Round "1"]
[White "Lanxade, Michel"]
[Black "Kosic, Miroslav"]
[Result "1-0"]
[WhiteElo "1839"]
[BlackElo "1510"]
[PlyCount "141"]
[EventDate "2009.04.11"]
[EventType "swiss"]
[EventRounds "9"]
[EventCountry "FRA"]
[SourceTitle "EXT 2012"]
[Source "ChessBase"]
[SourceDate "2011.11.24"]
[SourceVersion "1"]
[SourceVersionDate "2011.11.24"]
[SourceQuality "1"]

1. d4 Nf6 2. c4 g6 3. Nc3 Bg7 4. e4 d6 5. Be2 0-0 6. Nf3 Bg4 7. Ng1 Bxe2 8. Ngxe2 a6 9. f3 Nbd7 10. 0-0 Nb6 11. b3 c6 12. Be3 Nbd7 13. Qd2 Kh8 14. Bh6 Rg8 15. Bxg7+ Rxg7 16. f4 e6 17. Rad1 Qe7 18. h3 Rag8 19. Kh1 Ne8 20. e5 c5 21. Ne4 d5 22. cxd5 exd5 23. Nxc5 Nxc5 24. dxc5 Nc7 25. Qe3 Rd8 26. b4 Ne6 27. Nd4 Nf8 28. f5 f6 29. Rde1 g5 30. g4 Re8 31. e6 Rg8 32. Qc3 Rc8 33. Kg2 Rg7 34. Rc1 h6 35. a4 Qd8 36. b5 h5 37. c6 h4 38. Nb3 Nh7 39. Rc2 Rgc7 40. Nd4 axb5 41. axb5 b6 42. Ra2 Qe7 43. Rfa1 Kg7 44. Ra6 Rb8 45. Nb3 Qd6 46. R1a4 Qe7 47. Qe3 Kh6 48. Rxb6 Rd8 49. Rba6 d4 50. Rxd4 Re8 51. Qd3 Nf8 52. Rd5 Qb4 53. Nc5 Rb8 54. Nd7 Qb2+ 55. Kf3 Qh2 56. Nxb8 Qxh3+ 57. Ke2 Qxg4+ 58. Kd2 Qb4+ 59. Kc2 Qe7 60. b6 Rc8 61. c7 Rxc7+ 62. bxc7 Qxc7+ 63. Nc6 Qh2+ 64. Qd2 Qc7 65. e7 Qc8 66. exf8Q+ Qxf8 67. Ra7 Qe8 68. Ne7 Kh5 69. Rd8 Qb5 70. Rh8+ Kg4 71. Qd4+ 1-0

[Event "Ambes op 1st"]
[Site "Ambes"]
[Date "2007.04.10"]
[Round "5"]
[White "Lanxade, Michel"]
[Black "Lapeyre, Pierre"]
[Result "0-1"]
[WhiteElo "1869"]
[BlackElo "2095"]
[PlyCount "148"]
[EventDate "2007.04.07"]
[EventType "swiss"]
[EventRounds "11"]
[EventCountry "FRA"]
[SourceTitle "CBM 117 Extra"]
[Source "ChessBase"]
[SourceDate "2007.05.09"]
[SourceVersion "1"]
[SourceVersionDate "2007.05.09"]
[SourceQuality "1"]

1. d4 d6 2. c4 e5 3. d5 f5 4. Nc3 Nf6 5. Bg5 Be7 6. g3 Nxd5 7. Nxd5 Bxg5 8. h4 Bf6 9. Nxf6+ Qxf6 10. e3 Be6 11. Rc1 0-0 12. Ne2 Nc6 13. Nc3 e4 14. Nd5 Qf7 15. b3 Ne5 16. Be2 c6 17. Nf4 Rad8 18. 0-0 g6 19. Kg2 h6 20. Qd4 a6 21. Rcd1 Qf6 22. Qb6 Rd7 23. Qb4 Bf7 24. Rh1 Rfd8 25. c5 d5 26. Qd4 Kg7 27. Rh2 Re7 28. Qb4 Rh8 29. Rd4 Rc7 30. Qa5 Qd8 31. Qc3 Qf6 32. Qa5 Rcc8 33. Qc3 Rh7 34. a4 Re8 35. a5 Re7 36. Rh1 g5 37. hxg5 hxg5 38. Rxh7+ Kxh7 39. Nh3 Kg7 40. Rd1 Nd7 41. Rd4 Nf8 42. Qc1 Ne6 43. Rd1 Rd7 44. Rh1 Rd8 45. Kf1 Rh8 46. Kg2 Kf8 47. b4 Ke7 48. Qd2 Rh6 49. Ng1 Rxh1 50. Kxh1 g4 51. Kg2 Qh8 52. Bd1 d4 53. exd4 Qxd4 54. Qxd4 Nxd4 55. Ne2 Nxe2 56. Bxe2 Kf6 57. Kf1 Ke5 58. Ke1 Kd4 59. Kd2 Bc4 60. Bd1 Ba2 61. Be2 Bb3 62. Bf1 Bc4 63. Bg2 Bd3 64. Bh1 Bf1 65. Ke1 Bd3 66. Kd2 Kc4 67. Ke3 Kxb4 68. f3 gxf3 69. Bxf3 exf3 70. Kxd3 Kxc5 71. Ke3 Kd5 72. Kxf3 Ke5 73. g4 fxg4+ 74. Kxg4 Ke4 0-1

[Event "Ambes op 1st"]
[Site "Ambes"]
[Date "2007.04.07"]
[Round "1"]
[White "Perier, Nicolas"]
[Black "Lanxade, Michel"]
[Result "0-1"]
[WhiteElo "1590"]
[BlackElo "1869"]
[PlyCount "66"]
[EventDate "2007.04.07"]
[EventType "swiss"]
[EventRounds "11"]
[EventCountry "FRA"]
[SourceTitle "CBM 117 Extra"]
[Source "ChessBase"]
[SourceDate "2007.05.09"]
[SourceVersion "1"]
[SourceVersionDate "2007.05.09"]
[SourceQuality "1"]

1. e4 e5 2. Nf3 Nc6 3. Bc4 Bc5 4. c3 Nf6 5. d4 exd4 6. cxd4 Bb4+ 7. Bd2 Bxd2+ 8. Nbxd2 0-0 9. 0-0 d6 10. Ng5 h6 11. Bxf7+ Rxf7 12. Nxf7 Kxf7 13. Qb3+ Kg6 14. f4 Kh7 15. e5 dxe5 16. fxe5 Qxd4+ 17. Kh1 Nxe5 18. Nf3 Nxf3 19. Rxf3 Bg4 20. Rg3 Rd8 21. Rf1 Bh5 22. Qxb7 Qb6 23. Rb3 Qxb7 24. Rxb7 Rd2 25. Rxc7 Rxb2 26. h3 Kg8 27. Rxa7 Be2 28. Rc1 Bd3 29. Rcc7 Nh5 30. g4 Be4+ 31. Kg1 Ng3 32. Rxg7+ Kh8 33. Rge7 Rg2# 0-1

[Event "Creon op 11th"]
[Site "Creon"]
[Date "2006.08.04"]
[Round "7"]
[White "Astier, Christophe"]
[Black "Lanxade, Michel"]
[Result "1-0"]
[WhiteElo "1990"]
[BlackElo "1860"]
[PlyCount "75"]
[EventDate "2006.07.31"]
[EventType "swiss"]
[EventRounds "9"]
[EventCountry "FRA"]
[SourceTitle "CBM 113 Extra"]
[Source "ChessBase"]
[SourceDate "2006.09.14"]
[SourceVersion "1"]
[SourceVersionDate "2006.09.14"]
[SourceQuality "1"]

1. e4 e5 2. Nf3 Nc6 3. Bb5 a6 4. Ba4 Nf6 5. 0-0 Be7 6. Re1 b5 7. Bb3 0-0 8. a4 b4 9. a5 d6 10. c3 h6 11. d4 bxc3 12. bxc3 Bb7 13. Nbd2 Qc8 14. Nf1 Kh7 15. Ng3 g6 16. Be3 Ng4 17. Bd2 Kg7 18. h3 Nf6 19. Be3 exd4 20. cxd4 Nd8 21. Qd2 Ng8 22. Rac1 c5 23. Nh2 h5 24. Nf3 h4 25. Ne2 Bxe4 26. Ng5 Bf5 27. dxc5 dxc5 28. Nd4 f6 29. Nde6+ Nxe6 30. Nxe6+ Bxe6 31. Bxe6 Qd8 32. Qc3 g5 33. Bxg5 Ra7 34. Bxh4 Qd4 35. Qg3+ Kh6 36. Bf5 Kh5 37. Qg6+ Kxh4 38. g3# 1-0